Leasing retail space

Bibliographic Details
Format: Book
Published: Chicago,Illinois : Institute of Real Estate Management , 1990
Subjects:

MARC

LEADER 00000cam a2200000 7i4500
001 0000003697
005 20021122.0
020 |a 0944298419 
040 |a INS 
090 0 0 |a HD1393.26.S67   |b L43 1990 
245 0 0 |a Leasing retail space 
260 |a Chicago,Illinois :   |b Institute of Real Estate Management ,   |c 1990 
300 |a xvii,316p. ;   |c 23.5 cm. 
650 0 0 |a Commercial leases 
650 0 0 |a Stores,retail 
999 |a 0000005133   |b BOOK   |c Open Shelf   |e Default branch